000 00422nam a2200181Ia 4500
001 3370
005 20260306145638.0
008 260306t1997||||xx |||||||||||||| ||spa||
041 _aESP
082 _a270.1
_bO675
100 _aOrlandis, José
_eAUT
245 0 _aHistoria breve del cristianismo
260 _c1997
300 _a222 páginas :
_c19 cm.
650 _aGEN
654 _aCHU
942 _cLIB
_dJUS
_fJUS
_2ddc
_n
999 _c3370
_d3370